000
00257nam a22001097a 4500
008
170120b xxu||||| |||| 00| 0 eng d
020
_a
9780803613515
041
_a
eng
080
_a
618.2
245
_a
FUNDAMENTALS OF NURSING
_c
WILKISON, J.A
942
_2
udc
_c
BK
999
_c
3337
_d
3337